000 00176nam a2200073Ia 4500
008 170524s9999 xx 000 0 und d
100 _aSHAKESPEARE
245 0 _aSarvsrast Kahanina
260 _bPRAKASHAN- VIBHAG
999 _c9263
_d9263